01622nam a2200277 a 4500001001000000005001700010008004100027041000800068044000700076084002000083100004500103245008500148260004300233300001700276440006700293500027100360500037200631500004401003500001001047650005201057650005601109650003401165650004501199700005001244740005001294BRCA_245420190320203822.0181108s1825----fr-#---###---#000-0dspa-u aspa afr a094b.B38c18251 aCervantes Saavedra, Miguel ded1547-161610aEl Ingenioso Hidalgo Don Quijote de la Manchacpor Miguel de Cervantes Saavedra. aParísbBaudry et Teof. Barroisc1825 a6 v.c12 cm. 0aColección de las mejores obras escritas en lengua española aContenido : v 1. Primera parte. Retrato de Cervantes. Vida de Cervantes por V. de los Ríos. Dedicatoria. Prólogo del autor. Versos preliminares. Texto. -- v 2. Texto. -- v 3. Texto. -- v 4. Segunda parte. Dedicatoria del autor. Texto -- v 5. Texto. -- v 6. Texto aPreciosa edición impresa en tipos pequeños, pero muy claros. Contiene Vida de Cervantes, escrita por Ríos. Retrato del autor dibujado por Deveria. Excepto en ligeras variantes, sigue el texto de la edición académica de 1782, pero suprime el prólogo de la segunda parte. Lindo ejemplar. Piel, lomeras y planos adornados con filetes dorados Lúdovik Osterc aCon ex-libris de : H. Remsen Whitehouse aQMB7614aNovela españolayÉpoca clásica, 1500-170014aLiteratura españolayÉpoca clásica, 1500-170014aNovela españolaySiglo XVII14aDon Quijote (Personaje ficticio)eNovela1 aRíos, Vicente de losd1732-1779eBiógrafo0 aEl Ingenioso Hidalgo Don Quijote de la Mancha